LEADER 01463nam0M2200481--I450- 001 990000310910203316 005 20080211133411.0 010 $a88-08-15056-9 035 $a0031091 035 $aUSA010031091 035 $a(ALEPH)000031091USA01 035 $a0031091 100 $a20001206h19891996km-y1ita-0103----ba 101 $aita 102 $aIT 105 $aa|||||||001yy 200 1 $aOcchio , cervello e visione$fDavid H. Hubel$g[trad. di Enrica Maria Fava, rev. di Marco Schieppati.] 210 $aBologna$cZanichelli$d1989$h1996 215 $a250 p.$cill.$d24 cm. 225 0 $aNuovi classici della scienza$v9 312 $aEye, brain and vision 410 1$12001$aNuovi classici della scienza$v6 454 1$12001$aEye, brain and vision$925920 606 $aOcchio 606 $aVista 676 $a612.84 700 $aHUBEL,$bDavid H.$0168796 801 0$aIT$bsalbc$bISBD 912 $a990000310910203316 951 $a612.84 HUB$b2491 Farm.$c612$d00068417 951 $a612.84 HUB$b136341 LM$c612 951 $aO248$b2394 DBC$cO248 959 $aBK 969 $aFAR 969 $aDBC 979 $aTAMI$b40$c20001206$lUSA01$h1621 979 $aPATTY$b90$c20011030$lUSA01$h1612 979 $aJOHNNY$b90$c20020315$lUSA01$h1320 979 $c20020403$lUSA01$h1639 979 $aPATRY$b90$c20040406$lUSA01$h1622 979 $aDBC$b90$c20080211$lUSA01$h1334 996 $aEye, brain and vision$925920 997 $aUNISA LEADER 04569nam 22007455 450 001 9910298278803321 005 20251117080040.0 010 $a3-319-11158-2 024 7 $a10.1007/978-3-319-11158-2 035 $a(CKB)3710000000277587 035 $a(EBL)1966779 035 $a(SSID)ssj0001385838 035 $a(PQKBManifestationID)11895243 035 $a(PQKBTitleCode)TC0001385838 035 $a(PQKBWorkID)11349475 035 $a(PQKB)11468772 035 $a(DE-He213)978-3-319-11158-2 035 $a(MiAaPQ)EBC1966779 035 $a(PPN)183095731 035 $a(EXLCZ)993710000000277587 100 $a20141106d2015 u| 0 101 0 $aeng 135 $aur|n|---||||| 181 $ctxt 182 $cc 183 $acr 200 10$aInfluenza Pathogenesis and Control - Volume II /$fedited by Michael B. A. Oldstone, Richard W. Compans 205 $a1st ed. 2015. 210 1$aCham :$cSpringer International Publishing :$cImprint: Springer,$d2015. 215 $a1 online resource (478 p.) 225 1 $aCurrent Topics in Microbiology and Immunology,$x0070-217X ;$v386 300 $aDescription based upon print version of record. 311 08$a3-319-11157-4 320 $aIncludes bibliographical references and index. 327 $aThe role of cytokine responses during influenza virus pathogenesis and potential therapeutic options -- Innate immune sensing and response to influenza -- The NS1 protein: a multitasking virulence factor -- Role of NK cells in influenza infection -- Host detection and the stealthy phenotype in influenza virus infection -- Inactivated and adjuvanted influenza vaccines -- Live attenuated influenza vaccine -- Design of alternative live attenuated influenza virus vaccines -- Rapid production of synthetic influenza vaccines -- Influenza neuraminidase as a vaccine antigen -- Advances in universal influenza virus vaccine design and antibody mediated therapies based on conserved regions of the hemagglutinin -- Structural characterization of epitopes recognized by broadly cross-reactive antibodies -- Skin immunization with influenza vaccines -- Mucosal immunization and adjuvants -- B cell responses to infection and vaccination -- Memory CD4 T cells in influenza -- The effector T cell response to influenza infection -- Antiviral Effects of Inhibiting Host Gene Expression.   . 330 $aThis two-volume work covers the molecular and cell biology, genetics and evolution of influenza viruses, the pathogenesis of infection, resultant host innate and adaptive immune response, prevention of infection through vaccination and approaches to the therapeutic control of infection.. Experts at the forefront of these areas provide critical assessments with regard to influenza virology, immunology, cell and molecular biology, and pathogenesis. Volume I provides overviews of the latest findings on molecular determinants of viral pathogenicity, virus entry and cell tropism, pandemic risk assessment, transmission and pathogenesis in animal species, viral evolution, ecology and antigenic variation, while Volume II focuses on the role of innate and adaptive immunity in pathogenesis, development of vaccines and antivirals.  . 410 0$aCurrent Topics in Microbiology and Immunology,$x0070-217X ;$v386 606 $aImmunology 606 $aVaccines 606 $aInfectious diseases 606 $aHealth promotion 606 $aImmunology$3https://scigraph.springernature.com/ontologies/product-market-codes/B14000 606 $aVaccine$3https://scigraph.springernature.com/ontologies/product-market-codes/B16010 606 $aInfectious Diseases$3https://scigraph.springernature.com/ontologies/product-market-codes/H33096 606 $aHealth Promotion and Disease Prevention$3https://scigraph.springernature.com/ontologies/product-market-codes/H27010 615 0$aImmunology. 615 0$aVaccines. 615 0$aInfectious diseases. 615 0$aHealth promotion. 615 14$aImmunology. 615 24$aVaccine. 615 24$aInfectious Diseases. 615 24$aHealth Promotion and Disease Prevention. 676 $a610 676 $a613 676 $a614.44 676 $a615372 676 $a616.9 676 $a616079 702 $aOldstone$b Michael B. A.$4edt$4http://id.loc.gov/vocabulary/relators/edt 702 $aCompans$b Richard W.$4edt$4http://id.loc.gov/vocabulary/relators/edt 906 $aBOOK 912 $a9910298278803321 996 $aInfluenza Pathogenesis and Control - Volume II$92513404 997 $aUNINA LEADER 02006nas 2200637-a 450 001 9910143488903321 005 20240915213022.0 035 $a(CKB)991042723387188 035 $a(CONSER)---24000243- 035 $a(DcWaBHL)39024 035 $a(EXLCZ)99991042723387188 100 $a20750801a19139999 -b- a 101 0 $aeng 181 $ctxt$2rdacontent 182 $cc$2rdamedia 183 $acr$2rdacarrier 200 00$aFish bulletin 210 $a[Sacramento] $cBureau of Marine Fisheries 215 $a1 online resource 300 $aSeparately classified in LC after no. 151.$5DLC 300 $aIssues have distinctive titles. 311 08$aPrint version: Fish bulletin. (DLC) 24000243 (OCoLC)1498195 0096-0985 531 $aCALIF DEP FISH GAME FISH BULL 531 0 $aFish bull. 606 $aFisheries$zCalifornia 606 $aFisheries 606 $aFisheries 606 $aPisciculture$zCalifornie$vCollections 606 $aPêches$zCalifornie$vCollections 606 $aPêches$zCalifornie 606 $aPêches 606 $afisheries$2aat 606 $aFisheries$2fast$3(OCoLC)fst00926051 607 $aCalifornia 607 $aCalifornia$2fast$1https://id.oclc.org/worldcat/entity/E39PBJt8p3GDkhpJkC9y6FY3wC 608 $aPeriodical. 615 0$aFisheries 615 0$aFisheries. 615 2$aFisheries. 615 6$aPisciculture 615 6$aPêches 615 6$aPêches 615 6$aPêches. 615 7$afisheries. 615 7$aFisheries. 712 02$aCalifornia.$bDepartment of Fish and Wildlife. 712 02$aCalifornia.$bDepartment of Fish and Game. 712 02$aCalifornia.$bFish and Game Commission. 712 02$aCalifornia.$bDivision of Fish and Game. 712 02$aCalifornia.$bBureau of Marine Fisheries. 712 02$aCalifornia.$bMarine Fisheries Branch. 906 $aJOURNAL 912 $a9910143488903321 920 $aexl_impl conversion 996 $aFish bulletin$92426682 997 $aUNINA